La dimensión culturalista en la poesía castellana del siglo XX (Record no. 56128)

MARC details
000 -LEADER
campo de control de longitud fija 00797nam a2200193 i 4500
001 - NÚMERO DE CONTROL
campo de control 56128
003 - IDENTIFICADOR DE NÚMERO DE CONTROL
campo de control ES-MaACL
005 - FECHA Y HORA DE LA ÚLTIMA TRANSACCIÓN
campo de control 20250416222532.0
007 - CAMPO FIJO DE DESCRIPCIÓN FÍSICA--INFORMACIÓN GENERAL
campo de control de longitud fija t|
008 - DATOS DE LONGITUD FIJA--INFORMACIÓN GENERAL
campo de control de longitud fija 031003s1967 sp ||||1| spa d
100 1# - ENTRADA PRINCIPAL--NOMBRE DE PERSONA
Nombre de persona Díaz-Plaja, Guillermo,
Fechas asociadas al nombre 1909-1984
9 (RLIN) 162428
245 13 - MENCIÓN DEL TÍTULO
Título La dimensión culturalista en la poesía castellana del siglo XX
Resto del título : Discurso de recepción /
Mención de responsabilidad, etc. del Sr. D. Guillermo Díaz-Plaja y contestación del Sr. D. Martín de Riquer, conde de Casa Dávalos. Sesión del 5 de noviembre de 1967.
260 ## - PUBLICACIÓN, DISTRIBUCIÓN, ETC.
Lugar de publicación, distribución, etc. Madrid :
Nombre del editor, distribuidor, etc. Real Academia Española,
Fecha de publicación, distribución, etc. 1967.
300 ## - DESCRIPCIÓN FÍSICA
Extensión 194 p. ;
Dimensiones 22 cm.
650 #4 - PUNTO DE ACCESO ADICIONAL DE MATERIA--TÉRMINO DE MATERIA
Término de materia o nombre geográfico como elemento de entrada Poesía española-
Subdivisión cronológica S.XX-
Subdivisión general Historia y crítica.
9 (RLIN) 16167
700 1# - ENTRADA AGREGADA--NOMBRE PERSONAL
Nombre de persona Riquer, Martín de,
Fechas asociadas al nombre 1914-2013
9 (RLIN) 240061
852 ## - LOCALIZACIÓN
Ubicación ES-MaACL
Número de control de estantería C-26397
Sublocalización o colección R.64744
Holdings
Estatus retirado Estado de pérdida Estado de daño No para préstamo Biblioteca de origen Biblioteca actual Ubicación en estantería Fecha de adquisición Fuente de adquisición Total de préstamos Signatura topográfica completa Código de barras Visto por última vez Precio de reemplazo Tipo de ítem Koha
        Biblioteca del Ateneo de Madrid Biblioteca del Ateneo de Madrid Depósito 2 17/01/2008     C-26397 1058953 23/02/2023 23/02/2023 Libro impreso